Programas para la mejora de la inteligencia teoría, aplicación y evaluación.
Enregistré dans:
| Auteur principal: | |
|---|---|
| Autres auteurs: | |
| Format: | Livre |
| Langue: | espagnol |
| Publié: |
Madrid
Síntesis
c1996
|
| Sujets: | |
| Tags: |
Ajouter un tag
Pas de tags, Soyez le premier à ajouter un tag!
|
MARC
| LEADER | 00000nam a22000005a 4500 | ||
|---|---|---|---|
| 003 | CL-ChBUA | ||
| 005 | 20120815104331.0 | ||
| 008 | 070903S1996 sp ||||| |||| 000 ||spa | ||
| 020 | |a 8477381984 | ||
| 040 | |a CL-ChBUA |c CL-ChBUA | ||
| 082 | 0 | 0 | |a 370.152 |
| 090 | |c 22332 |d 22332 | ||
| 100 | 1 | |a Prieto Sánchez, María Dolores | |
| 245 | 1 | 0 | |a Programas para la mejora de la inteligencia |b teoría, aplicación y evaluación. |
| 260 | |a Madrid |b Síntesis |c c1996 | ||
| 300 | |a 159 p. |c 24 cm. | ||
| 504 | |a Cuads., Bibl., índice | ||
| 650 | 4 | |a COGNICION - PRUEBAS DESARROLLO COGNITIVO | |
| 700 | 1 | |a Pérez Sánchez, Luz | |
| 942 | |c LIB | ||
| 952 | |0 0 |1 0 |2 ddc |4 0 |6 370_152000000000000_P_949 |7 0 |9 52681 |a UNACH |b UNACH |c 300 |d 2007-09-03 |i 40.283 |l 1 |o 370.152 / P 949 |p 53774 |r 2013-10-30 00:00:00 |s 2012-10-01 |u 52681 |w 2012-08-08 |y LIB | ||
| 999 | |c 22332 |d 22332 | ||